000 00598nam a22002057a 4500
003 OSt
005 20251002025636.0
008 251002b |||||||| |||| 00| 0 eng d
020 _a0785808965
040 _aDWCL-Main lib
_cOC
082 _aCirc. 641.656 M818e 1998
100 _aMoon, Rosemary
245 _a The Eggplant Cookbook/
_cRosemary Moon
260 _aNew Jersey :
_bChartwell Books Inc.,
_cc1998.
300 _a128 page :
_bcolor illustrations ;
_c29cm.
504 _aIncludes Index
650 _a1. Cooking (eggplant)
650 _a2. Eggplant
942 _2ddc
_cBK-CIRC
_kCirc.
_n0
999 _c4627
_d4627